| 000 | 00340nam a22001337a 4500 | ||
|---|---|---|---|
| 005 | 20151008145625.0 | ||
| 008 | 151008b xxu||||| |||| 00| 0 eng d | ||
| 040 | _cPK-LaUMT | ||
| 082 |
_aKHC R 030 _bEVE- |
||
| 245 |
_aThe every man encyclopaedia _cAndrew Boyle(Edit |
||
| 260 |
_aLondon _bJ.M. Dent _c[N.D] |
||
| 300 | _a640 p. | ||
| 942 | _cBK | ||
| 999 |
_c77197 _d77197 |
||